Hassan Fathy : (Record no. 9468)
[ view plain ]
| 000 -LEADER | |
|---|---|
| fixed length control field | 00894cam a2200253 a 4500 |
| 003 - CONTROL NUMBER IDENTIFIER | |
| control field | AE-DuALZ |
| 008 - FIXED-LENGTH DATA ELEMENTS--GENERAL INFORMATION | |
| fixed length control field | 060602s2018 au a g b 001 0beng d |
| 020 ## - INTERNATIONAL STANDARD BOOK NUMBER | |
| International Standard Book Number | 9789774167898 |
| 020 ## - INTERNATIONAL STANDARD BOOK NUMBER | |
| International Standard Book Number | 9774167899 |
| 040 ## - CATALOGING SOURCE | |
| Original cataloging agency | AE-ALZAD |
| Transcribing agency | AE-ALZAD |
| 041 0# - LANGUAGE CODE | |
| Language code of text/sound track or separate title | eng |
| -- | ara |
| 043 ## - GEOGRAPHIC AREA CODE | |
| Geographic area code | f-ua--- |
| 050 14 - LIBRARY OF CONGRESS CALL NUMBER | |
| Classification number | NA1585.F37 |
| Item number | H37 2018 |
| 245 00 - TITLE STATEMENT | |
| Title | Hassan Fathy : |
| Remainder of title | an architectural life / |
| Statement of responsibility, etc. | edited by Leïla El-Wakil. |
| 260 ## - PUBLICATION, DISTRIBUTION, ETC. | |
| Place of publication, distribution, etc. | Cairo : |
| Name of publisher, distributor, etc. | The American University in Cairo Press, |
| Date of publication, distribution, etc. | 2018. |
| 300 ## - PHYSICAL DESCRIPTION | |
| Extent | 411 p. : |
| Other physical details | ill. ; |
| Dimensions | 24 cm. |
| 504 ## - BIBLIOGRAPHY, ETC. NOTE | |
| Bibliography, etc. note | Includes bibliographical references and index. |
| 546 ## - LANGUAGE NOTE | |
| Language note | Text in English and Arabic. |
| 590 ## - LOCAL NOTE (RLIN) | |
| Local note | LB-AJLLC-9140 |
| 600 10 - SUBJECT ADDED ENTRY--PERSONAL NAME | |
| Personal name | Fathy, Hassan |
| General subdivision | Criticism and interpretation. |
| 9 (RLIN) | 11759 |
| 650 #0 - SUBJECT ADDED ENTRY--TOPICAL TERM | |
| Topical term or geographic name entry element | Architecture |
| Geographic subdivision | Egypt |
| General subdivision | History |
| Chronological subdivision | 20th century. |
| 650 #0 - SUBJECT ADDED ENTRY--TOPICAL TERM | |
| Topical term or geographic name entry element | Architecture |
| Geographic subdivision | Egypt |
| General subdivision | History |
| Chronological subdivision | 20th century |
| Form subdivision | Designs and plans. |
| 700 1# - ADDED ENTRY--PERSONAL NAME | |
| Personal name | الوكيل، ليلى. |
| 9 (RLIN) | 19718 |
| Withdrawn status | Lost status | Source of classification or shelving scheme | Damaged status | Not for loan | Home library | Current library | Shelving location | Date acquired | Total Checkouts | Full call number | Date last seen | Copy number | Price effective from | Koha item type |
|---|---|---|---|---|---|---|---|---|---|---|---|---|---|---|
| Library of Congress Classification | Jameel Library | Jameel Library | General Stacks | 02/25/2025 | NA1585.F37 H37 2018 | 02/25/2025 | C. 1 | 02/25/2025 | Books |